Statistiche per Riconosci lo Stato - Quiz n°61

Clicka qui per fare il quiz!

Statistiche generali

  • Questo quiz è stato fatto 10 volte
  • Il punteggio medio è 12 su 13

Statistiche sulle risposte

IndizioRisposta% Corretto
ISU0,804
100%
PIL (nominale)304 726 milioni di $
100%
Superficie330 803 km²
100%
Popolazione34 513 625 ab.
100%
Primo ministroAnwar Ibrahim
100%
Iniziale della CapitaleK
100%
ValutaRinggit
100%
Indipendenza31 agosto 1957 dal Regno Unito
90%
SovranoIbrahim Iskandar di Johor
90%
Fuso OrarioUTC+8
90%
Tasso di crescita1,29%
80%
RispostaMalaysia
80%
Forma di GovernoMonarchia parlamentare elettiva
80%

Distribuzione punteggi

Percentile per numero di risposta

Percentuale di utenti per punteggio

I tuoi punteggi nel tempo

Non hai fatto questo quiz